Architecture: art (Record no. 59519)

MARC details
000 -LEADER
fixed length control field 00232nam a2200097Ia 4500
008 - FIXED-LENGTH DATA ELEMENTS--GENERAL INFORMATION
fixed length control field 240321s9999 xx 000 0 und d
082 ## - DEWEY DECIMAL CLASSIFICATION NUMBER
Classification number 724.6
Item number JOD
100 ## - MAIN ENTRY--PERSONAL NAME
Author Name Jodidio, Philip
245 #0 - TITLE STATEMENT
Title Architecture: art
260 ## - PUBLICATION, DISTRIBUTION, ETC.
Name of publisher, distributor, etc. Prestel Verlag
999 ## -
-- 59519
-- 59519
Holdings
Withdrawn status Weedout from Library Permanent Location Current Location Shelving location Date acquired Cost, normal purchase price Full call number Barcode Price effective from Koha item type
    NATIONAL COLLEGE OF ARTS, RAWALPINDI CAMPUS - LIBRARY NATIONAL COLLEGE OF ARTS, RAWALPINDI CAMPUS - LIBRARY   21/03/2024 5400.00 724.6 JOD RP002688 21/03/2024 Book